Porovnanie nezamestnanosti v krajinách V4 bakalárska práca

Na minha lista:
Detalhes bibliográficos
Autor principal: Ďurovec, Ján
Autor Corporativo: Fakulta hospodárskej informatiky EU. Katedra štatistiky
Outros Autores: Hurbánková, Ľubica, 1980-
Formato: Livro
Idioma:eslovaco
Publicado em: Bratislava 2009
Tags: Adicionar Tag
Sem tags, seja o primeiro a adicionar uma tag!

MARC

LEADER 00000nam$a2200000$$$4500
001 0096130
005 20240319125133.7
041 0 |a slo 
044 |a SK 
245 1 0 |a Porovnanie nezamestnanosti v krajinách V4  |b bakalárska práca  |c Ján Ďurovec ; škol. Ľubica Hurbánková 
264 1 |a Bratislava  |c 2009 
300 |a 34 s. 
100 1 |a Ďurovec, Ján 
700 1 |a Hurbánková, Ľubica, 1980- 
710 2 |a Fakulta hospodárskej informatiky EU. Katedra štatistiky